Introduction to modern Fortran for the earth system sciences (Record no. 25005)

MARC details
000 -LEADER
fixed length control field 00745nam a22002537a 4500
003 - CONTROL NUMBER IDENTIFIER
control field OSt
005 - DATE AND TIME OF LATEST TRANSACTION
control field 20220526154320.0
008 - FIXED-LENGTH DATA ELEMENTS--GENERAL INFORMATION
fixed length control field 220526b |||||||| |||| 00| 0 eng d
020 ## - INTERNATIONAL STANDARD BOOK NUMBER
International Standard Book Number 9783662510827
082 ## - DEWEY DECIMAL CLASSIFICATION NUMBER
Classification number 550
Item number C44I
100 ## - MAIN ENTRY--PERSONAL NAME
Personal name Dragos B., Chirila
245 ## - TITLE STATEMENT
Title Introduction to modern Fortran for the earth system sciences
Statement of responsibility, etc by Dragos B. Chirila, and Gerrit Lohmann
260 ## - PUBLICATION, DISTRIBUTION, ETC. (IMPRINT)
Place of publication, distribution, etc New York
Name of publisher, distributor, etc Springer
Date of publication, distribution, etc 2015
300 ## - PHYSICAL DESCRIPTION
Extent xxii, 250p.
653 ## - INDEX TERM--UNCONTROLLED
Uncontrolled term Computer science--Mathematics
653 ## - INDEX TERM--UNCONTROLLED
Uncontrolled term Computer science
653 ## - INDEX TERM--UNCONTROLLED
Uncontrolled term Geography
653 ## - INDEX TERM--UNCONTROLLED
Uncontrolled term Earth sciences
653 ## - INDEX TERM--UNCONTROLLED
Uncontrolled term Physical geography
653 ## - INDEX TERM--UNCONTROLLED
Uncontrolled term Physics
653 ## - INDEX TERM--UNCONTROLLED
Uncontrolled term Programming languages (Electronic computers)
700 ## - ADDED ENTRY--PERSONAL NAME
Personal name Lohmann, Gerrit
942 ## - ADDED ENTRY ELEMENTS (KOHA)
Source of classification or shelving scheme Dewey Decimal Classification
Koha item type Books
Holdings
Withdrawn status Lost status Source of classification or shelving scheme Damaged status Not for loan Collection code Home library Current library Date acquired Source of acquisition Total Checkouts Full call number Barcode Date last seen Price effective from Koha item type
    Dewey Decimal Classification     General Text Book Central University Of Rajasthan Central University Of Rajasthan 26/05/2022 ATM   550 C44I 38319 26/05/2022 26/05/2022 Books